[Event "Pelotas Gaucho op"]
[Site "Pelotas"]
[Date "2023.10.15"]
[Round "7"]
[White "Da Silva Neto, Acelino Inacio"]
[Black "Genehr, Alexandre Kraether"]
[Result "1/2-1/2"]
[WhiteElo "1800"]
[BlackElo "1905"]
[PlyCount "123"]
[EventDate "2023.10.12"]
[EventType "swiss"]
[EventRounds "7"]
[EventCountry "BRA"]
[SourceTitle "Mega2024 Update 01"]
[Source "Chessbase"]
[SourceDate "2023.11.12"]
[SourceVersion "1"]
[SourceVersionDate "2023.11.12"]
[SourceQuality "1"]

1. e4 c5 2. Nf3 e6 3. d4 cxd4 4. Nxd4 a6 5. Bd3 Bc5 6. Nb3 Ba7 7. Qg4 Nf6 8. Qe2 d6 9. Nc3 Nc6 10. Be3 0-0 11. Bxa7 Rxa7 12. 0-0-0 e5 13. a4 Be6 14. Bc4 Qd7 15. Bxe6 Qxe6 16. f3 Raa8 17. g4 h6 18. Nd5 Rac8 19. Kb1 Rfe8 20. h4 Ne7 21. Nxf6+ Qxf6 22. g5 hxg5 23. hxg5 Qe6 24. Qh2 Ng6 25. Rd5 Rc4 26. Na5 Rc5 27. Qh7+ Kf8 28. Rhd1 Rxd5 29. Rxd5 Qd7 30. Nc4 Nf4 31. Rxd6 Qh3 32. Qxh3 Nxh3 33. g6 Ng5 34. gxf7 Kxf7 35. Rd7+ Kf6 36. Rxb7 Nxf3 37. Rb6+ Re6 38. a5 g5 39. Kc1 g4 40. Ne3 g3 41. Kd1 Ng5 42. Rb4 Kf7 43. Ke2 Rf6 44. Nf5 Nxe4 45. Rxe4 Rxf5 46. Rg4 Rf2+ 47. Kd3 g2 48. b4 Rf4 49. Rxg2 Rxb4 50. Rf2+ Ke7 51. Rh2 Ra4 52. Rh7+ Kd8 53. Rh8+ Kd7 54. Rh7+ Ke8 55. Rh8+ Kf7 56. Rh7+ Kg6 57. Rh2 Rxa5 58. Ke4 Kf6 59. Rh6+ Ke7 60. Rc6 Kd7 61. Rh6 Kc7 62. Re6 1/2-1/2

[Event "Porto Alegre op"]
[Site "Porto Alegre"]
[Date "2023.08.27"]
[Round "4"]
[White "Escalante, Vitor Gabriel Arauj"]
[Black "Genehr, Alexandre Kraether"]
[Result "0-1"]
[WhiteElo "1829"]
[BlackElo "1878"]
[PlyCount "60"]
[EventDate "2023.08.25"]
[EventType "swiss"]
[EventRounds "5"]
[EventCountry "BRA"]
[SourceTitle "EXT 2024"]
[Source "ChessBase"]
[SourceDate "2023.10.10"]
[SourceVersion "1"]
[SourceVersionDate "2023.10.10"]
[SourceQuality "1"]

1. e4 c5 2. Nf3 e6 3. Nc3 a6 4. d4 cxd4 5. Nxd4 Qc7 6. Bd3 Bc5 7. Nf3 Nc6 8. 0-0 Nge7 9. Qe2 Ng6 10. Be3 Bxe3 11. Qxe3 0-0 12. Nd4 Qb6 13. Nce2 Qxb2 14. Nxc6 dxc6 15. f4 Qf6 16. Ng3 e5 17. f5 Nf4 18. Ne2 Nxe2+ 19. Qxe2 c5 20. Rad1 b5 21. c4 b4 22. Qg4 Bb7 23. Rf3 Rad8 24. Rh3 h6 25. Rf1 Rd6 26. Qe2 Rfd8 27. Rff3 Kf8 28. Qf2 Bxe4 29. Qxc5 Bxf3 30. Rxf3 Qe7 0-1

[Event "Santa Maria op 3rd"]
[Site "Santa Maria de Jetiba"]
[Date "2023.04.22"]
[Round "3"]
[White "Genehr, Alexandre Kraether"]
[Black "Santos, Leonardo Bortolotti"]
[Result "1-0"]
[WhiteElo "1686"]
[BlackElo "1939"]
[PlyCount "59"]
[EventDate "2023.04.21"]
[EventType "swiss"]
[EventRounds "7"]
[EventCountry "BRA"]
[SourceTitle "EXT 2024"]
[Source "ChessBase"]
[SourceDate "2023.10.10"]
[SourceVersion "1"]
[SourceVersionDate "2023.10.10"]
[SourceQuality "1"]

1. d4 d5 2. c4 e6 3. Nc3 c6 4. e3 Nf6 5. Qc2 Nbd7 6. Bd2 a6 7. cxd5 cxd5 8. Bd3 Nb6 9. Nge2 Bd7 10. 0-0 Nc4 11. e4 Nxd2 12. Qxd2 dxe4 13. Nxe4 Bc6 14. f3 g6 15. Qf4 Bg7 16. Nd6+ Ke7 17. Nc4 Nd5 18. Qd2 Re8 19. Ne5 Qb6 20. Nxc6+ Qxc6 21. Be4 Kf8 22. Nf4 Qd6 23. Ne2 Red8 24. Rfd1 Rac8 25. Kh1 Rc4 26. b3 Rc7 27. Rac1 Rdc8 28. Rxc7 Rxc7 29. Rc1 Qb4 30. Qxb4+ 1-0

[Event "Santa Maria op 3rd"]
[Site "Santa Maria de Jetiba"]
[Date "2023.04.22"]
[Round "4"]
[White "Jardim, Frederico Rodrigues"]
[Black "Genehr, Alexandre Kraether"]
[Result "1/2-1/2"]
[WhiteElo "1800"]
[BlackElo "1686"]
[PlyCount "60"]
[EventDate "2023.04.21"]
[EventType "swiss"]
[EventRounds "7"]
[EventCountry "BRA"]
[SourceTitle "EXT 2024"]
[Source "ChessBase"]
[SourceDate "2023.10.10"]
[SourceVersion "1"]
[SourceVersionDate "2023.10.10"]
[SourceQuality "1"]

1. e4 c5 2. c3 Nf6 3. e5 Nd5 4. d4 cxd4 5. Nf3 e6 6. cxd4 d6 7. Bc4 Nb6 8. Bd3 Nc6 9. 0-0 Qc7 10. Qe2 Bd7 11. Nc3 Nb4 12. Bb1 N4d5 13. Ne4 a6 14. Bd2 dxe5 15. Rc1 Bc6 16. dxe5 Be7 17. a4 Nd7 18. Nc3 Nxc3 19. Bxc3 Bxf3 20. Qxf3 Nxe5 21. Qf4 Bd6 22. Bxe5 Bxe5 23. Rxc7 Bxf4 24. Rxb7 0-0 25. Be4 Rab8 26. Rb1 f5 27. Bf3 Rxb7 28. Bxb7 a5 29. b4 axb4 30. Rxb4 Bd2 1/2-1/2

[Event "Santa Maria op 3rd"]
[Site "Santa Maria de Jetiba"]
[Date "2023.04.22"]
[Round "5"]
[White "Pavao, Fabio Biasi"]
[Black "Genehr, Alexandre Kraether"]
[Result "0-1"]
[WhiteElo "1797"]
[BlackElo "1686"]
[PlyCount "132"]
[EventDate "2023.04.21"]
[EventType "swiss"]
[EventRounds "7"]
[EventCountry "BRA"]
[SourceTitle "EXT 2024"]
[Source "ChessBase"]
[SourceDate "2023.10.10"]
[SourceVersion "1"]
[SourceVersionDate "2023.10.10"]
[SourceQuality "1"]

1. c4 Nf6 2. g3 g6 3. Bg2 Bg7 4. Nc3 d6 5. d4 0-0 6. Nf3 Nbd7 7. 0-0 e5 8. dxe5 Nxe5 9. Nxe5 dxe5 10. Qxd8 Rxd8 11. Bg5 Rd4 12. Bxf6 Bxf6 13. b3 c6 14. e3 Rd8 15. Rad1 Bf5 16. Ne4 Be7 17. Bf3 Bh3 18. Rxd8+ Rxd8 19. Rd1 Rxd1+ 20. Bxd1 Be6 21. Kf1 f5 22. Nd2 Bb4 23. Ke2 Kf7 24. Nb1 g5 25. a3 Bd6 26. Kd3 f4 27. e4 Bc5 28. Bh5+ Kf6 29. f3 Bg1 30. g4 Bxh2 31. Nd2 Bg1 32. b4 Be3 33. Nf1 Bd4 34. Nd2 Ke7 35. a4 a6 36. Nb3 b5 37. axb5 axb5 38. Na5 Kd7 39. c5 h6 40. Bg6 Bb2 41. Nb7 Bc4+ 42. Kd2 Ba3 43. Kc3 Be2 44. Nd6 Bxf3 45. Bf5+ Kc7 46. Nf7 Be2 47. Nxe5 f3 48. Nd3 Bxb4+ 49. Kc2 Bxd3+ 50. Kxd3 Bxc5 51. e5 Kd8 52. Be4 f2 53. Ke2 Kd7 54. e6+ Kxe6 55. Bxc6 b4 56. Ba4 Ke5 57. Bb3 Kf4 58. Be6 Kg3 59. Kf1 Bb6 60. Bf5 b3 61. Bd3 Kxg4 62. Be2+ Kg3 63. Bd3 b2 64. Bb1 h5 65. Bc2 h4 66. Bd3 h3 0-1

[Event "Santa Maria op 3rd"]
[Site "Santa Maria de Jetiba"]
[Date "2023.04.21"]
[Round "2"]
[White "Genehr, Alexandre Kraether"]
[Black "Oliveira, Danyel Angelo Aquin"]
[Result "1-0"]
[WhiteElo "1686"]
[BlackElo "1956"]
[PlyCount "106"]
[EventDate "2023.04.21"]
[EventType "swiss"]
[EventRounds "7"]
[EventCountry "BRA"]
[SourceTitle "EXT 2024"]
[Source "ChessBase"]
[SourceDate "2023.10.10"]
[SourceVersion "1"]
[SourceVersionDate "2023.10.10"]
[SourceQuality "1"]

1. d4 Nf6 2. c4 c5 3. d5 b5 4. cxb5 a6 5. bxa6 g6 6. Nc3 Bxa6 7. e4 Bxf1 8. Kxf1 d6 9. Nf3 Nbd7 10. g3 Bg7 11. Kg2 0-0 12. Qc2 Ra6 13. Re1 Qa8 14. b3 Rb8 15. Bb2 Ne8 16. Nd2 Ndf6 17. Nc4 Nc7 18. f3 e6 19. dxe6 Nxe6 20. Na4 Qb7 21. Rad1 Rd8 22. e5 Ng5 23. Qe2 Nd5 24. Nxd6 Rdxd6 25. exd6 Bxb2 26. Nxb2 Rxa2 27. Rd2 Ne6 28. Qe4 Qxb3 29. Qxd5 Qxd5 30. Rxd5 Rxb2+ 31. Kf1 Rb8 32. Kf2 Rd8 33. Ke3 Rd7 34. Kd3 Kg7 35. Kc4 Kf6 36. Rd3 h5 37. f4 Kf5 38. Re5+ Kf6 39. Rxc5 h4 40. Rc8 Kf5 41. Kd5 hxg3 42. hxg3 Ra7 43. Kc6 Ra1 44. d7 Rc1+ 45. Kd5 Rg1 46. d8Q Nxd8 47. Rxd8 g5 48. Rf8 f6 49. fxg5 Kxg5 50. Rf3 Rd1+ 51. Ke4 Re1+ 52. Kd3 Rd1+ 53. Ke2 Rd6 1-0